Medical-Surgical Nursing : (Record no. 20216)
[ view plain ]
| 000 -LEADER | |
|---|---|
| fixed length control field | 00577nam a2200205 a 4500 |
| 005 - DATE AND TIME OF LATEST TRANSACTION | |
| control field | 20140310183214.0 |
| 008 - FIXED-LENGTH DATA ELEMENTS--GENERAL INFORMATION | |
| fixed length control field | 030421s19uu xx 00 eng d |
| 020 ## - INTERNATIONAL STANDARD BOOK NUMBER | |
| International Standard Book Number | 9715131670 |
| 050 ## - LIBRARY OF CONGRESS CALL NUMBER | |
| Classification number | RT 41 |
| Item number | .Ud18 2002 |
| 100 ## - MAIN ENTRY--PERSONAL NAME | |
| Personal name | Udan, Jose Quiambao |
| 245 ## - TITLE STATEMENT | |
| Title | Medical-Surgical Nursing : |
| Remainder of title | concepts and clinical applications / |
| Statement of responsibility, etc | Jose Quiambao Udan. |
| 260 ## - PUBLICATION, DISTRIBUTION, ETC. (IMPRINT) | |
| Place of publication, distribution, etc | Manila : |
| Name of publisher, distributor, etc | Educational Publishing House, |
| Date of publication, distribution, etc | 2002. |
| 300 ## - PHYSICAL DESCRIPTION | |
| Extent | 556 p. : |
| Other physical details | ill. ; |
| Dimensions | 26 cm. |
| 521 ## - TARGET AUDIENCE NOTE | |
| Target audience note | |
| 942 ## - ADDED ENTRY ELEMENTS (KOHA) | |
| Koha item type | Books |
| Source of classification or shelving scheme | Library of Congress Classification |
| Call number prefix | Local |
| Withdrawn status | Lost status | Source of classification or shelving scheme | Damaged status | Home library | Current library | Shelving location | Date acquired | Total Checkouts | Total Renewals | Full call number | Barcode | Date last seen | Date checked out | Copy number | Price effective from | Koha item type | Source of acquisition |
|---|---|---|---|---|---|---|---|---|---|---|---|---|---|---|---|---|---|
| Library of Congress Classification | Archives | Archives | 12/14/2013 | RT 41 .Ud18 2002 | C4794 | 05/15/2018 | 2 | 12/14/2013 | Books | Donation | |||||||
| Library of Congress Classification | College Library | College Library | Filipiniana Section | 04/21/2003 | 1 | 12 | RT 41 .Ud18 2002 | C3868 | 04/15/2019 | 01/12/2019 | 1 | 10/10/2013 | Books | ||||
| Library of Congress Classification | College Library | College Library | General Circulation Section | 12/14/2013 | RT 41 .Ud18 2002 | C4795 | 05/15/2018 | 3 | 12/14/2013 | Books | |||||||
| Library of Congress Classification | College Library | College Library | General Circulation Section | 12/14/2013 | RT 41 .Ud18 2002 | C4796 | 05/15/2018 | 4 | 12/14/2013 | Books |